Faculty of Law Library — Cairo University

Official Online Catalog

أسس القانون الإدارى : (Record no. 76852)

MARC details
000 -LEADER
fixed length control field 01879nam a2200337 i 4500
003 - CONTROL NUMBER IDENTIFIER
control field EG-GICUC
005 - DATE AND TIME OF LATEST TRANSACTION
control field 20260513212217.0
008 - FIXED-LENGTH DATA ELEMENTS--GENERAL INFORMATION
fixed length control field 260513s2003 ua ||||fr|||| 00| 0 ara d
040 ## - CATALOGING SOURCE
Original cataloging agency EG-GICUC
Language of cataloging ara
Transcribing agency EG-GICUC
Modifying agency EG-GICUC
Description conventions rda
041 0# - LANGUAGE CODE
Language code of text/sound track or separate title ara
082 04 - DEWEY DECIMAL CLASSIFICATION NUMBER
Edition number 21
Classification number 345.2
Item number ز ك . أ
092 04 - LOCALLY ASSIGNED DEWEY CALL NUMBER (OCLC)
Edition number 21
099 ## - LOCAL FREE-TEXT CALL NUMBER (OCLC)
Classification number Law1 07 345.2 ز ك . أ 2003
100 0# - MAIN ENTRY--PERSONAL NAME
Personal name زكريا زكريا المصري
Relator term مؤلف.
245 10 - TITLE STATEMENT
Title أسس القانون الإدارى :
Remainder of title (دراسة مقارنة) فى التشريع والفقه وأحكام القضاء فى مصر وليبيا وبعض الدول العربية والأجنبية /
Statement of responsibility, etc. تأليف الدكتور / زكريا زكريا المصري.
264 ## - PRODUCTION, PUBLICATION, DISTRIBUTION, MANUFACTURE, AND COPYRIGHT NOTICE
Place of production, publication, distribution, manufacture [مكان النشر غير محدد] :
Name of producer, publisher, distributor, manufacturer [الناشر غير محدد],
Date of production, publication, distribution, manufacture, or copyright notice 2003.
300 ## - PHYSICAL DESCRIPTION
Extent 864 ؛ صفحة
Dimensions 24 سم
336 ## - CONTENT TYPE
Source rda content
Content type term text
337 ## - MEDIA TYPE
Source rda media
Media type term Computer
338 ## - CARRIER TYPE
Source rda carrier
Carrier type term Online Resource
504 ## - BIBLIOGRAPHY, ETC. NOTE
Bibliography, etc. note يشتمل علي قائمة مراجع
504 ## - BIBLIOGRAPHY, ETC. NOTE
Bibliography, etc. note يشتمل علي ارجاعات ببليوجرافية<br/>
505 ## - FORMATTED CONTENTS NOTE
Formatted contents note التنظيم الإدارى - النشاط الإدارى<br/>خصائص القانون الإدارى المقارن - المركزية والامركزية<br/>وسائل الإدارة<br/>القرار الإداري - العقود الإدارية - الأموال العامة - أحكام الوظيفة العامة<br/>مهام الإدارة<br/>المرفق العام والضبط الإداري - التنفيذ المباشر وإجراءات نزع الملكية للمنفعة العامة - الحجز الإداري
546 ## - LANGUAGE NOTE
Language note النص باللغة العربية
650 14 - SUBJECT ADDED ENTRY--TOPICAL TERM
Source of heading or term qrmak
650 14 - SUBJECT ADDED ENTRY--TOPICAL TERM
Topical term or geographic name entry element القانون الاداري
Source of heading or term qrmak
651 1# - SUBJECT ADDED ENTRY--GEOGRAPHIC NAME
Source of heading or term qrmak
856 40 - ELECTRONIC LOCATION AND ACCESS
Uniform Resource Identifier <a href="https://fll.law.cu.edu.eg/fulltext/bks/B07-00017.pdf">https://fll.law.cu.edu.eg/fulltext/bks/B07-00017.pdf</a>
905 ## - Cataloger and Reviser Names
Cataloger Name: Soha Mohamed
942 ## - ADDED ENTRY ELEMENTS (KOHA)
Source of classification or shelving scheme Dewey Decimal Classification
Suppress in OPAC No
Koha item type Books
Edition 21
Holdings
Withdrawn status Lost status Source of classification or shelving scheme Damaged status Not for loan Collection Home library Current library Date acquired Total checkouts Full call number Barcode Date last seen Copy number Price effective from Koha item type
    Dewey Decimal Classification   Not for loan القانون الإداري جــــامعة القــاهرة مكتبة كلية الحقوق - المبنى الرئيسي 13.05.2026   Law1 07 345.2 ز ك . أ 2003 0700017 C1 B07-00017 13.05.2026 1 13.05.2026 Books
    Dewey Decimal Classification     القانون الإداري جــــامعة القــاهرة مكتبة كلية الحقوق - المبنى الرئيسي 13.05.2026   Law1 07 345.2 ز ك . أ 2003 0700018 C2 B07-00018 13.05.2026 2 13.05.2026 Books

© All rights reserved — Faculty of Law, Cairo University